| 000 | 00715nam a22002177a 4500 | ||
|---|---|---|---|
| 005 | 20170124105939.0 | ||
| 010 | _aB-018202 | ||
| 020 |
_c145.00 _a8186877215 |
||
| 035 | _aB-018202 | ||
| 037 | _bCen Lib/Ret | ||
| 040 |
_aDPL _bEN |
||
| 082 |
_a375.0086 _bCAR |
||
| 245 |
_aCareer and opportunities after 10+2 : _ccompiled by Anjali A. Gputa _ba path finder for students / |
||
| 260 |
_aNew Delhi _bRamesh Publishing House _c2001 |
||
| 270 |
_a12- H New Daryaganj Road Opp. Tarffic Kotwali _bNew Delhi _e110002 |
||
| 300 |
_aviii,411p. _c24cm(Hb) |
||
| 650 |
_aSocial Science _991017 |
||
| 650 |
_aEducation _91169 |
||
| 700 |
_aGupta, Anjali A. _910752 |
||
| 942 |
_2ddc _cEN _h375.0086 _mCAR |
||
| 999 |
_c124432 _d124432 |
||